| 000 | 01216cam a22003254a 4500 | ||
|---|---|---|---|
| 001 | ne 68001927 | ||
| 003 | DLC | ||
| 005 | 20260227111842.0 | ||
| 008 | 080729s1923 ua 000 0 ara | ||
| 010 | _ane 68001927 | ||
| 035 | _a(OCoLC)ocm23487595 | ||
| 040 |
_aDLC _cEYM _dCGU _dOCLCQ _dMEAUC _dDLC |
||
| 042 | _alccopycat | ||
| 050 | 0 | 0 |
_aPJ6075 _b.A49 1923 |
| 066 | _c(3 | ||
| 100 | 0 |
_6880-01 _aAḥmad ʻĪsá. |
|
| 245 | 1 | 0 |
_6880-02 _aKitāb al-tahdhīb fī uṣūl al-taʻrīb / _ctaṣnīf Aḥmad ʻĪsá. |
| 246 | 3 | 0 |
_6880-03 _aTahdhīb fī uṣūl al-taʻrīb |
| 250 |
_6880-04 _aal-Ṭabʻah 1. |
||
| 260 |
_6880-05 _aal-Qāhirah : _bMaṭbaʻat Miṣr, _c1923. |
||
| 300 |
_a148 p. ; _c26 cm. |
||
| 504 | _aIncludes bibliographical references. | ||
| 650 | 0 |
_aArabic language _xHistory. |
|
| 650 | 0 |
_aArabic language _xForeign words and phrases. |
|
| 880 | 0 |
_6100-01/(3/r _aأحمد عيسى. |
|
| 880 | 1 | 0 |
_6245-02/(3/r _aكتاب التهذيب في أصول التعريب / _cتصنيف أحمد بك عيسى. |
| 880 | 3 | 0 |
_6246-03/(3/r _aتهذيب في أصول التعريب |
| 880 |
_6250-04/(3/r _aالطبعة ١. |
||
| 880 |
_6260-05/(3/r _aالقاهرة : _bمطبعة مصر، _c1923. |
||
| 999 |
_c50391 _d50391 |
||